Statistics for All Modern-Day Countries Ever Controlled by Slavic People

Click here to take the quiz!

General Stats

  • This quiz has been taken 22,485 times
    (19,647 since last reset)
  • The average score is 51 of 55

Answers on the Map

Answers color-coded by a green-red scale on the quiz's map according to % correct below.
 

Answer Stats

Country% Correct
China
99%
Finland
99%
Germany
99%
Russia
99%
United States
99%
Estonia
98%
France
98%
Greece
98%
Kazakhstan
98%
Latvia
98%
Mongolia
98%
Poland
98%
Spain
98%
Sweden
98%
Turkey
98%
Ukraine
98%
Austria
97%
Belarus
97%
Bosnia and Herzegovina
97%
Bulgaria
97%
Croatia
97%
Czech Republic
97%
Hungary
97%
Iran
97%
Italy
97%
Lithuania
97%
North Korea
97%
Norway
97%
Romania
97%
Serbia
97%
Slovakia
97%
Slovenia
97%
Albania
96%
Armenia
96%
Georgia
96%
India
96%
North Macedonia
96%
Turkmenistan
96%
Uzbekistan
96%
Afghanistan
95%
Azerbaijan
95%
Kosovo
95%
Moldova
95%
Montenegro
95%
Tajikistan
95%
Kyrgyzstan
94%
Lebanon
92%
Djibouti
88%
Gambia
87%
Trinidad and Tobago
83%
Denmark
79%
South Korea
67%
Senegal
66%
Cameroon
61%
Madagascar
47%

Score Distribution

Percentile by Number Answered

Percent of People with Each Score

Your Score History

You have not taken this quiz since the last reset